000 00321nam a2200133Ia 4500
008 240624s9999 xx 000 0 und d
041 _aeng
082 _a823 FAH
100 _aFAHY WARREN
245 _aFRAGMENT
260 _c2009
_aLondon
_bHarper Collins Publishers
300 _a490 : p. : cm. ; 17
365 _cBPS
_b20
999 _c14382
_d14382